La integración de la protección en la preparación ante el riego de desastres en la República Dominicana/
Guardat en:
| Autor principal: | |
|---|---|
| Format: | Llibre |
| Idioma: | Spanish |
| Etiquetes: |
Afegir etiqueta
Sense etiquetes, Sigues el primer a etiquetar aquest registre!
|
MARC
| LEADER | 00000nam a22000007a 4500 | ||
|---|---|---|---|
| 003 | cru CIDCACS/IIS | ||
| 005 | 20180117111155.0 | ||
| 007 | ta | ||
| 008 | 180117s sp |||p|r||||||0| ||spa|d | ||
| 999 | |c 40825 |d 40825 | ||
| 040 | |c cru CIDCACS/IIS | ||
| 100 | 1 | |9 6395 |a Verdeja, Andrea | |
| 245 | 1 | 3 | |a La integración de la protección en la preparación ante el riego de desastres en la República Dominicana/ |c Andrea Verdeja |
| 300 | |a página 58-60: |b foto | ||
| 773 | 0 | |0 19267 |9 1740 |a Centro de Estudios sobre Refugiados |d Universidad de Oxford ; Centro de Estudios sobre Refugiados |o 19015 |t Migraciones Forzadas: |x 14609819 | |
| 942 | |2 ddc |c PP | ||
